000 02527nam a22002897a 4500
005 20140903175129.0
008 140709s1909 fr ||||fr|||| 001 0 fre d
040 _cSandra Yazo
_dSandra Yazo
041 1 _afre
082 0 4 _220
_a346.7941
092 _aE31N048
100 1 _aMéliot, A.
_q(Adolphe)
_962752
242 0 0 _aLa nueva ley inglesa sobre Sociedades por Acciones
_b“Compañias (Consolidacion) Act, 1908”, que entró en vigor a partir del 1 de abril de 1909, anulando y sustituyendo la normativa precedente.
_cTraducida, por vez primera, por M. y A. Méliot. Con fórmulas y cuadros.
_yspa
245 1 0 _aLa nouvelle Loi Anglaise sur les Societés par Actions
_b“Companies (Consolidation) Act, 1908” en vigueur depuis le 1 avril 1909. Annulant et remplaçant toutes les précédents.
_cTraduite pour la première fois par M. & A. Méliot avec formules et tableaux.
260 _aParís (Francia)
_bL. Larose y L. Tennin, directores.
_c1909
300 _axxiv, 296 páginas.
_c22 x 13 cm.
500 _aDetalles físicos: Encuadernación rígida (holandesa) en cartón duro forrado en papel. Lomo en cuero con nervaduras sobre costuras y adornos en dorado. Guardas en papel impreso. Hoja de cortesía. Anteportada. Portada impresa en una sola tinta, con diferentes tipos de letra y un motivo decorativo. Texto impreso en una sola columna, notas al pie de página.
505 1 _aTítulo 1: Constitución e incorporación ; Prohibición de asociaciones muy numerosas ; Título 2: Reparación y reducción del capital social; registro de una compañía, no limitada, como compañía limitada ; La responsabilidad ilimitada de los administradores (Directores) ; Título 3: Dirección y administración ; Título 4: Liquidación ; Título 5: Oficinas de registro e impuestos ; Título 6: Cómo afecta esta Ley a las compañías que se establecieron y registraron bajo la anterior legislación de compañías ; Título 7: Compañías que pueden registrarse en virtud de esta Ley ; Título 8: Liquidación de las compañías no registradas ; Título 9: Compañías establecidas fuera del Reino Unido ; Título 10: Artículos suplementarios.
506 _aConsulta en sala.
546 _aTexto en francés.
650 7 _912717
_aDerecho comercial
_zInglaterra
650 7 _924740
_aSociedades comerciales
650 7 _930074
_aCompañías
_xLegislación
_zInglaterra
690 _942767
_aDerecho comercial
700 1 _aMéliot, M.
_q(Mathilde)
_962753
942 _cLIBRO
_e1
_2DEWEY
_h346.7941
999 _c273856
_d273856